Disarmament and the economy (Record no. 359521)

000 -LEADER
fixed length control field 00462cam a22001457a 4500
008 - FIXED-LENGTH DATA ELEMENTS--GENERAL INFORMATION
fixed length control field 180718b1963 xxu||||| |||| 00| 0 eng d
082 ## - DEWEY DECIMAL CLASSIFICATION NUMBER
Classification number D711x73 B44
245 ## - TITLE STATEMENT
Title Disarmament and the economy
Statement of responsibility, etc. edited by Emile Benoit and Kenneth E. Boulding
260 ## - PUBLICATION, DISTRIBUTION, ETC.
Place of publication, distribution, etc. New Year
Name of publisher, distributor, etc. Harper
Date of publication, distribution, etc. 1963
300 ## - PHYSICAL DESCRIPTION
Extent 310p.
650 ## - SUBJECT ADDED ENTRY--TOPICAL TERM
Topical term or geographic name entry element United States --Military policy
650 ## - SUBJECT ADDED ENTRY--TOPICAL TERM
Topical term or geographic name entry element United States --Economic policy
700 ## - ADDED ENTRY--PERSONAL NAME
Personal name Boulding, Kenneth E., ed.
700 ## - ADDED ENTRY--PERSONAL NAME
Personal name Benoit, Emile,ed.
Holdings
Withdrawn status Lost status Damaged status Not for loan Permanent Location Current Location Date acquired Full call number Barcode Date last seen Price effective from Koha item type
        Indian Institute of Public Administration Indian Institute of Public Administration 1994-02-09 D711x73 B44 32937 2018-07-21 2018-07-21 Book

Powered by Koha